[Event "2BLO 2324 Münchener Schachclub 1836 - S"]
[Site "?"]
[Date "2023.12.02"]
[Round "3.7"]
[White "Lerch, Johannes"]
[Black "Watson, William N"]
[Result "1-0"]
[WhiteElo "2259"]
[BlackElo "2486"]
[PlyCount "73"]
[EventDate "2023.??.??"]

1. e4 c5 2. Nf3 d6 3. Bb5+ Bd7 4. Bxd7+ Qxd7 5. c4 Nc6 6. d4 cxd4 7. Nxd4 Nf6 8. Nc3 e6 9. O-O Be7 10. b3 O-O 11. Bb2 a6 12. Re1 Rfc8 13. a4 Qc7 14. Ba3 Nd7 15. Rc1 Nc5 16. Nxc6 bxc6 17. b4 Nd7 18. Qb3 a5 19. b5 cxb5 20. cxb5 Bg5 21. Nd5 Qb7 22. Ne3 Nb6 23. Bxd6 Bxe3 24. fxe3 Qxe4 25. Bc7 Qb7 26. Bxb6 Qxb6 27. Rc3 h5 28. Rec1 Rxc3 29. Qxc3 Rd8 30. Qc5 Rd1+ 31. Kf2 Qd8 32. Qc8 Rd2+ 33. Kf3 Kf8 34. Qxd8+ Rxd8 35. Rc7 Ke8 36. b6 Rd7 37. Ra7 1-0

[Event "2BLO 2324 Münchener Schachclub 1836 - S"]
[Site "?"]
[Date "2023.12.02"]
[Round "3.8"]
[White "Becker, Matthias"]
[Black "Oberhofer, Cedric"]
[Result "1-0"]
[WhiteElo "2329"]
[BlackElo "2281"]
[PlyCount "101"]
[EventDate "2023.??.??"]

1. e4 c5 2. Nf3 d6 3. d4 cxd4 4. Qxd4 Nc6 5. Qe3 Nf6 6. Be2 g6 7. O-O Bg7 8. h3 O-O 9. Rd1 Nd7 10. Nc3 Nc5 11. a3 Kh8 12. Rb1 f5 13. b4 f4 14. Qd2 Nd7 15. Nd5 Nde5 16. Nxe5 Bxe5 17. Bf1 Be6 18. b5 Nb8 19. Bb2 Bxb2 20. Rxb2 Bxd5 21. Qd4+ Rf6 22. Qxd5 Qc8 23. Be2 Nd7 24. Bg4 Qc7 25. Bxd7 Qxd7 26. e5 Rf5 27. Qd4 Kg8 28. exd6 exd6 29. c4 Qc7 30. b6 Qc5 31. Qxd6 Qxd6 32. Rxd6 axb6 33. Rdxb6 Rxa3 34. Rxb7 Rc3 35. Rc7 Rf7 36. Rbb7 Rc1+ 37. Kh2 Rxc7 38. Rxc7 Rc2 39. f3 Rc1 40. h4 h5 41. c5 Kf8 42. c6 Kg8 43. g3 Rc2+ 44. Kh3 Rc3 45. gxf4 Rxf3+ 46. Kg2 Rc3 47. Kf2 Kf8 48. Ke2 Rh3 49. Rh7 Rc3 50. c7 Ke8 51. Kd2 1-0

[Event "2BLO 2324 SC Erlangen - SV Deggendorf"]
[Site "?"]
[Date "2023.12.02"]
[Round "3.1"]
[White "Ghosh, Diptayan"]
[Black "Mons, Leon"]
[Result "1/2-1/2"]
[WhiteElo "2572"]
[BlackElo "2509"]
[PlyCount "27"]
[EventDate "2023.??.??"]

1. d4 Nf6 2. Nf3 d5 3. Bf4 c5 4. e3 Nc6 5. Nbd2 Qb6 6. dxc5 Qxb2 7. Rb1 Qc3 8. Bb5 g6 9. O-O Bg7 10. Nb3 O-O 11. Bxc6 bxc6 12. Be5 Qc4 13. h3 Re8 14. Re1 1/2-1/2

[Event "2BLO 2324 SC Erlangen - SV Deggendorf"]
[Site "?"]
[Date "2023.12.02"]
[Round "3.2"]
[White "Miller, Eduard"]
[Black "Krivoborodov, Egor"]
[Result "1/2-1/2"]
[WhiteElo "2345"]
[BlackElo "2554"]
[PlyCount "96"]
[EventDate "2023.??.??"]

1. d4 d5 2. Bf4 c5 3. e3 cxd4 4. exd4 Nc6 5. Nf3 Bf5 6. Nbd2 e6 7. c3 Nge7 8. Qb3 Qd7 9. Ne5 Nxe5 10. dxe5 Nc6 11. Nf3 Bc5 12. Nh4 Be4 13. f3 Bg6 14. Nxg6 fxg6 15. Bb5 O-O 16. Bg3 Qc7 17. Bxc6 bxc6 18. Qa4 Rab8 19. b3 Rb5 20. Kd2 d4 21. Qc4 dxc3+ 22. Kc2 Be3 23. Qxe6+ Kh8 24. Qd6 Qc8 25. Rhe1 Bd2 26. e6 Bxe1 27. Rxe1 Rd5 28. Qa3 Re8 29. Qxa7 Qd8 30. Kxc3 c5 31. Qa6 Qf6+ 32. Kc2 h5 33. Re4 Red8 34. Be1 Qg5 35. e7 Re8 36. Qc6 Rxe7 37. Rxe7 Qxe7 38. Qxd5 Qxe1 39. f4 Qe2+ 40. Qd2 Qf1 41. Kb2 Qa6 42. g3 Kh7 43. Qc2 Qd6 44. h4 Qd4+ 45. Qc3 Qf2+ 46. Ka3 Kh8 47. Ka4 Qxa2+ 48. Kb5 Qf2 1/2-1/2

[Event "2BLO 2324 SC Erlangen - SV Deggendorf"]
[Site "?"]
[Date "2023.12.02"]
[Round "3.3"]
[White "Delchev, Aleksander"]
[Black "Klek, Hanna Marie"]
[Result "1/2-1/2"]
[WhiteElo "2500"]
[BlackElo "2236"]
[PlyCount "33"]
[EventDate "2023.??.??"]

1. d4 d5 2. Nf3 Nf6 3. c4 e6 4. g3 dxc4 5. Bg2 c6 6. Ne5 Bb4+ 7. Bd2 Be7 8. e3 b5 9. a4 b4 10. Nxc4 a5 11. O-O Ba6 12. Qc2 Nbd7 13. Rd1 Rc8 14. e4 Bxc4 15. Qxc4 Nb6 16. Qd3 O-O 17. Be3 1/2-1/2

[Event "2BLO 2324 SC Erlangen - SV Deggendorf"]
[Site "?"]
[Date "2023.12.02"]
[Round "3.5"]
[White "Sedlak, Nikola"]
[Black "Schulz, Lukas"]
[Result "1/2-1/2"]
[WhiteElo "2452"]
[BlackElo "2328"]
[PlyCount "92"]
[EventDate "2023.??.??"]

1. Nf3 Nf6 2. g3 g6 3. b3 Bg7 4. Bb2 O-O 5. Bg2 d6 6. O-O Nbd7 7. d4 Re8 8. c4 e5 9. dxe5 dxe5 10. Nxe5 Nxe5 11. Qxd8 Rxd8 12. Bxe5 Re8 13. Bd4 c5 14. Bc3 Rxe2 15. Na3 Re7 16. Rfe1 Be6 17. Nb5 Ne8 18. Bxg7 Nxg7 19. Re5 Rd8 20. Nxa7 Red7 21. Nb5 b6 22. Nc3 Rd2 23. Bd5 Rc2 24. Ne4 Bxd5 25. Nf6+ Kh8 26. Nxd5 Ne6 27. Kf1 Nd4 28. Re7 Kg7 29. Nxb6 Nf3 30. Kg2 Rdd2 31. Rf1 Nd4 32. Na4 Ne6 33. Rxe6 fxe6 34. Nxc5 Rxa2 35. Nxe6+ Kf6 36. Nc5 Rdc2 37. Nd3 Rd2 38. Nc5 Rdc2 39. h4 Rab2 40. Kf3 h5 41. Ke3 Kf5 42. f3 Rg2 43. Ra1 Rbe2+ 44. Kd3 Ref2 45. Ke3 Re2+ 46. Kd3 Ref2 1/2-1/2

[Event "2BLO 2324 SC Erlangen - SV Deggendorf"]
[Site "?"]
[Date "2023.12.02"]
[Round "3.6"]
[White "Ott, Florian"]
[Black "Stojanovic, Dalibor"]
[Result "0-1"]
[WhiteElo "2291"]
[BlackElo "2464"]
[PlyCount "46"]
[EventDate "2023.??.??"]

1. c4 Nf6 2. Nc3 g6 3. e4 d6 4. d4 Bg7 5. Be2 O-O 6. Bg5 a6 7. Qd2 c5 8. d5 Qa5 9. a4 b5 10. cxb5 axb5 11. Bxb5 Ba6 12. f3 Qb4 13. Bxa6 Nxa6 14. Nge2 Rfb8 15. Nb5 h6 16. Be3 Nd7 17. Nec3 Ne5 18. Bxh6 Bxh6 19. Qxh6 Nd3+ 20. Kf1 Rxb5 21. axb5 Qxb2 22. Ra2 Qxc3 23. Qe3 Qb3 0-1

[Event "2BLO 2324 SC Erlangen - SV Deggendorf"]
[Site "?"]
[Date "2023.12.02"]
[Round "3.7"]
[White "Popovic, Dusan"]
[Black "Hilverda, Alexander"]
[Result "1-0"]
[WhiteElo "2497"]
[BlackElo "2232"]
[PlyCount "87"]
[EventDate "2023.??.??"]

1. e4 e5 2. Nf3 Nc6 3. Bb5 a6 4. Ba4 Nf6 5. O-O Be7 6. Re1 b5 7. Bb3 d6 8. c3 O-O 9. h3 Nb8 10. d4 Nbd7 11. Nbd2 Bb7 12. Bc2 Re8 13. Nf1 Bf8 14. Ng3 g6 15. a4 c5 16. d5 c4 17. Bg5 Be7 18. Be3 Qc7 19. Qd2 Nc5 20. Bh6 Nfd7 21. Nh2 Nxa4 22. Bxa4 bxa4 23. Re3 Nc5 24. Qe2 Bc8 25. Nf5 Bxf5 26. exf5 Rab8 27. Ng4 Qd8 28. Rf3 e4 29. Rg3 Bh4 30. Qxc4 f6 31. Be3 Bxg3 32. fxg3 Rxb2 33. Rf1 g5 34. Bxg5 fxg5 35. f6 Kf8 36. f7 Re5 37. Nxe5 Qb6 38. Rf6 Nd3+ 39. Kh2 Rxg2+ 40. Kxg2 Qb2+ 41. Kg1 Qb6+ 42. Qd4 Qxd4+ 43. cxd4 dxe5 44. d6 1-0

[Event "2BLO 2324 SC Erlangen - SV Deggendorf"]
[Site "?"]
[Date "2023.12.02"]
[Round "3.8"]
[White "Willim, Michael"]
[Black "Petrov, Martin"]
[Result "0-1"]
[WhiteElo "2140"]
[BlackElo "2501"]
[PlyCount "64"]
[EventDate "2023.??.??"]

1. d4 Nf6 2. c4 e6 3. Nf3 b6 4. g3 Bb4+ 5. Bd2 Be7 6. Nc3 Bb7 7. Bg2 c6 8. e4 d5 9. cxd5 cxd5 10. e5 Ne4 11. O-O O-O 12. Rc1 Nc6 13. Be3 Nxc3 14. Rxc3 Rc8 15. a3 b5 16. Rc1 b4 17. Qb3 Ba6 18. Rfe1 Qb6 19. Qd1 bxa3 20. bxa3 Bxa3 21. Rb1 Bb4 22. Bd2 Bc4 23. Ng5 a5 24. Qh5 h6 25. Nh3 Bd3 26. Bxh6 Bg6 27. Qh4 gxh6 28. Qxh6 Nxd4 29. g4 Rc2 30. Re3 Ne2+ 31. Kh1 Rfc8 32. Ng5 Bf8 0-1

[Event "2BLO 2324 SC Garching - SK München Süd"]
[Site "?"]
[Date "2023.12.02"]
[Round "3.1"]
[White "Kosic, Dragan"]
[Black "Vykouk, Jan"]
[Result "1/2-1/2"]
[WhiteElo "2402"]
[BlackElo "2492"]
[PlyCount "42"]
[EventDate "2023.??.??"]

1. d4 Nf6 2. Nf3 d6 3. c4 g6 4. Nc3 Bg7 5. e4 O-O 6. Be2 Na6 7. O-O e5 8. Be3 Qe7 9. c5 exd4 10. cxd6 cxd6 11. Bxd4 Nc5 12. Re1 Be6 13. Bf1 a5 14. Qd2 Rfd8 15. b3 a4 16. Rad1 b6 17. Bb5 Qb7 18. Qf4 Nh5 19. Qe3 Nf6 20. Qf4 Nh5 21. Qe3 Nf6 1/2-1/2

[Event "2BLO 2324 SC Garching - SK München Süd"]
[Site "?"]
[Date "2023.12.02"]
[Round "3.3"]
[White "Huber, Benedikt"]
[Black "Hess, Max"]
[Result "0-1"]
[WhiteElo "2273"]
[BlackElo "2391"]
[PlyCount "86"]
[EventDate "2023.??.??"]

1. e4 c6 2. Nf3 d5 3. Nc3 Bg4 4. h3 Bxf3 5. Qxf3 e6 6. Be2 Bc5 7. O-O Nd7 8. exd5 exd5 9. Re1 Ne7 10. Na4 Bd4 11. c3 Bf6 12. d4 O-O 13. b4 Re8 14. Bf4 Ng6 15. Bg3 Bh4 16. Bh2 Re6 17. g3 Be7 18. Bd3 Rf6 19. Qe3 Bd6 20. Nc5 Qc7 21. Bxg6 Rxg6 22. Nxd7 Qxd7 23. g4 h5 24. Bxd6 Qxd6 25. Qe5 Qxe5 26. Rxe5 hxg4 27. hxg4 Rxg4+ 28. Kf1 Re4 29. Rxe4 dxe4 30. Ke2 f5 31. Rb1 a6 32. a4 Kf7 33. b5 axb5 34. axb5 Ra2+ 35. Ke3 Rc2 36. Rb3 g5 37. bxc6 bxc6 38. Ra3 Ke6 39. f3 exf3 40. Kxf3 g4+ 41. Kf4 Rf2+ 42. Ke3 Rf3+ 43. Ke2 f4 0-1

[Event "2BLO 2324 SC Garching - SK München Süd"]
[Site "?"]
[Date "2023.12.02"]
[Round "3.4"]
[White "Koepke, Christian"]
[Black "Lohvinov, Petro"]
[Result "0-1"]
[WhiteElo "2305"]
[BlackElo "2168"]
[PlyCount "138"]
[EventDate "2023.??.??"]

1. d4 Nf6 2. Nf3 g6 3. Bf4 Bg7 4. c3 d6 5. Nbd2 Nbd7 6. e4 O-O 7. Be2 Nh5 8. Be3 e5 9. O-O h6 10. Re1 Qf6 11. Bf1 Re8 12. a4 Nf8 13. a5 a6 14. Qa4 Bd7 15. Qb3 g5 16. Nc4 Bb5 17. Na3 Bxf1 18. Rxf1 g4 19. Nd2 Rab8 20. Nac4 Ne6 21. dxe5 dxe5 22. Ba7 Rbd8 23. Qxb7 Nhf4 24. Be3 Rb8 25. Qxa6 Nxg2 26. Qc6 Ngf4 27. a6 Qh4 28. Kh1 Qh3 29. Rg1 Ne2 30. Rg3 Nxg3+ 31. fxg3 Ng5 32. Bxg5 hxg5 33. a7 Ra8 34. Rf1 Rec8 35. Ne3 Qh6 36. Qd7 Qe6 37. Qxe6 fxe6 38. Ra1 c5 39. Ra6 Rc7 40. Rxe6 Raxa7 41. Ndc4 Ra4 42. Rg6 Kh7 43. Rd6 Rf7 44. Kg2 Ra1 45. Rd2 Re1 46. Nxg4 Rff1 47. Nce3 Rf8 48. Kh3 Rf3 49. Nc4 Rxe4 50. Rd7 Rxc4 51. Nxe5 Re4 52. Nxf3 g4+ 53. Kg2 Re2+ 54. Kf1 gxf3 55. Rf7 Rxb2 56. Rc7 Rb5 57. Kf2 Kg6 58. Rc6+ Kf5 59. Kxf3 Bxc3 60. h4 Bd4 61. g4+ Ke5 62. g5 Kf5 63. g6 Rb3+ 64. Kg2 Rb7 65. Kf3 Rg7 66. h5 Kg5 67. Ke4 Re7+ 68. Kd5 Kxh5 69. g7 Rxg7 0-1

[Event "2BLO 2324 SC Garching - SK München Süd"]
[Site "?"]
[Date "2023.12.02"]
[Round "3.5"]
[White "Xiong, Ferdinand"]
[Black "Bredl, Harald"]
[Result "1/2-1/2"]
[WhiteElo "2224"]
[BlackElo "2291"]
[PlyCount "35"]
[EventDate "2023.??.??"]

1. e4 e5 2. Nf3 Nc6 3. Bb5 a6 4. Ba4 d6 5. c3 Nf6 6. d3 g6 7. O-O Bg7 8. Re1 O-O 9. h3 Re8 10. d4 Bd7 11. Nbd2 h6 12. Bc2 a5 13. a4 Nh5 14. Nc4 exd4 15. cxd4 Nb4 16. Bb1 d5 17. Nce5 Be6 18. exd5 1/2-1/2

[Event "2BLO 2324 SC Garching - SK München Süd"]
[Site "?"]
[Date "2023.12.02"]
[Round "3.6"]
[White "Rusche, Johannes"]
[Black "Kostic, Vladimir G"]
[Result "1/2-1/2"]
[WhiteElo "2315"]
[BlackElo "2166"]
[PlyCount "38"]
[EventDate "2023.??.??"]

1. e4 e5 2. Nf3 Nc6 3. Bb5 Nd4 4. Nxd4 exd4 5. O-O Bc5 6. d3 Ne7 7. Nd2 O-O 8. Qh5 d5 9. Ba4 Be6 10. Re1 c6 11. Bb3 Qd7 12. h3 Rae8 13. Nf3 f6 14. Bd2 Bf7 15. Qg4 Be6 16. exd5 Nxd5 17. Qh4 Nc7 18. Qh5 Nd5 19. Qh4 Nc7 1/2-1/2

[Event "2BLO 2324 SK Göggingen - FC Bayern Mün"]
[Site "?"]
[Date "2023.12.02"]
[Round "3.2"]
[White "Braeuer, Franz"]
[Black "Fedorovsky, Michael"]
[Result "0-1"]
[WhiteElo "2435"]
[BlackElo "2412"]
[PlyCount "66"]
[EventDate "2023.??.??"]

1. e4 e5 2. Nf3 Nc6 3. Nc3 Nf6 4. d4 exd4 5. Nxd4 Bb4 6. Nxc6 bxc6 7. Bd3 O-O 8. O-O d5 9. exd5 cxd5 10. h3 c6 11. Qf3 Rb8 12. Bf4 Bd6 13. b3 Re8 14. Rfd1 Be5 15. Ne2 Rb4 16. c3 Rb6 17. Rac1 c5 18. b4 cxb4 19. Bxe5 Rxe5 20. Qf4 Qe7 21. cxb4 Bd7 22. b5 Rxe2 23. Bxe2 Qxe2 24. a4 h6 25. Re1 Qb2 26. Qc7 Ne4 27. Rc2 Qb4 28. Rce2 Bxh3 29. Qd8+ Kh7 30. Qxd5 Bxg2 31. Rxe4 Qxe1+ 32. Kxg2 Rg6+ 33. Kf3 Rf6+ 0-1

[Event "2BLO 2324 SK Göggingen - FC Bayern Mün"]
[Site "?"]
[Date "2023.12.02"]
[Round "3.3"]
[White "Zajogin, Alexander"]
[Black "Prusikin, Michael"]
[Result "0-1"]
[WhiteElo "2366"]
[BlackElo "2513"]
[PlyCount "58"]
[EventDate "2023.??.??"]

1. d4 Nf6 2. Nf3 g6 3. Nbd2 d5 4. e3 Bg7 5. b4 O-O 6. c4 c6 7. Bb2 Bg4 8. h3 Bxf3 9. Nxf3 Ne4 10. Bd3 f5 11. O-O e6 12. a4 Nd7 13. Qb3 g5 14. Rad1 g4 15. hxg4 fxg4 16. Ne5 Nxe5 17. dxe5 Ng5 18. Be2 Nf3+ 19. gxf3 gxf3 20. Bxf3 Rxf3 21. Kg2 Qf8 22. Qc2 Qf7 23. cxd5 Rf8 24. dxe6 Qh5 25. Qc4 Qg5+ 26. Kh2 Rxf2+ 27. Rxf2 Rxf2+ 28. Kh3 Rf3+ 29. Kh2 Qg3+ 0-1

[Event "2BLO 2324 SK Göggingen - FC Bayern Mün"]
[Site "?"]
[Date "2023.12.02"]
[Round "3.4"]
[White "Rozentalis, Eduardas"]
[Black "Ankerst, Mihael"]
[Result "1-0"]
[WhiteElo "2454"]
[BlackElo "2377"]
[PlyCount "83"]
[EventDate "2023.??.??"]

1. e4 c5 2. Nf3 e6 3. g3 Nc6 4. Bg2 d5 5. exd5 exd5 6. d4 Nf6 7. O-O Be7 8. dxc5 O-O 9. c3 Bxc5 10. Bg5 Be7 11. Nbd2 h6 12. Bf4 Bf5 13. Nb3 Be4 14. Nfd4 Re8 15. Re1 Bf8 16. f3 Bg6 17. Qd2 Qd7 18. Bf1 Rxe1 19. Rxe1 Ne8 20. Nxc6 bxc6 21. Be3 Nd6 22. Bc5 a5 23. Qf4 a4 24. Nd4 Rb8 25. b3 axb3 26. axb3 Ra8 27. b4 Ra2 28. Qe5 Ra8 29. Qf4 Ra2 30. g4 Ra8 31. h4 Nc4 32. h5 Bh7 33. Bxc4 dxc4 34. Kg2 Bd3 35. Qe5 Bxc5 36. bxc5 Qb7 37. Kg3 Ra2 38. g5 Qb2 39. Re2 Qb1 40. Rxa2 Qxa2 41. Qe8+ Kh7 42. Qxf7 1-0

[Event "2BLO 2324 SK Göggingen - FC Bayern Mün"]
[Site "?"]
[Date "2023.12.02"]
[Round "3.6"]
[White "Stankovic, Milos"]
[Black "Unzicker, Ferdinand"]
[Result "1-0"]
[WhiteElo "2460"]
[BlackElo "2310"]
[PlyCount "95"]
[EventDate "2023.??.??"]

1. e4 c5 2. Nf3 d6 3. d4 cxd4 4. Nxd4 Nf6 5. Nc3 Nc6 6. Bg5 e6 7. Bb5 Bd7 8. Qd3 h6 9. Bh4 Be7 10. O-O-O g5 11. Bg3 Nh5 12. Rhe1 Nxg3 13. hxg3 Qa5 14. f4 gxf4 15. gxf4 O-O-O 16. Qc4 Qc7 17. Bxc6 bxc6 18. f5 d5 19. exd5 Bg5+ 20. Kb1 exd5 21. Qd3 Rhe8 22. Nb3 Rxe1 23. Rxe1 Re8 24. Rxe8+ Bxe8 25. a4 Kd8 26. a5 Bd7 27. Nc5 Bc8 28. Nb3 Qf4 29. Nd4 Bd7 30. Nce2 Qf1+ 31. Ka2 c5 32. Nf3 c4 33. Qxd5 Qxe2 34. Ne5 Qd2 35. Qa8+ Ke7 36. Qxa7 Qd5 37. Nxd7 c3+ 38. b3 Qxd7 39. Qc5+ Kd8 40. a6 Qd2 41. a7 Qxc2+ 42. Ka3 Bc1+ 43. Kb4 Qe4+ 44. Kb5 Qb7+ 45. Kc4 Qa6+ 46. Kxc3 Qa1+ 47. Kd3 Qb1+ 48. Ke2 1-0

[Event "2BLO 2324 SC Bavaria Regensburg 1881 - S"]
[Site "?"]
[Date "2023.12.03"]
[Round "4.1"]
[White "Mons, Leon"]
[Black "Stocek, Jiri"]
[Result "1/2-1/2"]
[WhiteElo "2509"]
[BlackElo "2539"]
[PlyCount "114"]
[EventDate "2023.??.??"]

1. c4 e5 2. d3 Bc5 3. g3 Nf6 4. Bg2 O-O 5. Nf3 d6 6. O-O h6 7. d4 exd4 8. Nxd4 a6 9. Nc3 Nbd7 10. b3 Re8 11. Bb2 Ba7 12. e3 Rb8 13. Qc2 Ne5 14. h3 Bd7 15. Nd5 c6 16. Nxf6+ Qxf6 17. Kh1 Qg6 18. Qxg6 Nxg6 19. Rfd1 Rbd8 20. Rd2 Ne7 21. Ne2 Nc8 22. Nf4 f6 23. Bf3 Bf5 24. Kg2 Be4 25. Bxe4 Rxe4 26. Kf3 Rde8 27. g4 Kf7 28. h4 Bb8 29. Rg1 b5 30. cxb5 axb5 31. Rc2 d5 32. Rxc6 Ne7 33. Rb6 Bxf4 34. exf4 Ng6 35. f5 Nf4 36. Rb7+ Kg8 37. Rd1 Ne2 38. Bc1 h5 39. Be3 Nc3 40. Rd3 hxg4+ 41. Kg2 b4 42. a4 g3 43. Kxg3 d4 44. Bd2 Ne2+ 45. Kh3 R8e5 46. f3 Rf4 47. Rxb4 Kh7 48. Rb7 Rfxf5 49. b4 Rh5 50. a5 f5 51. a6 Re6 52. a7 Rg6 53. Rxd4 Ng1+ 54. Kh2 Nxf3+ 55. Kh3 Ng1+ 56. Kh2 Nf3+ 57. Kh3 Ng1+ 1/2-1/2

[Event "2BLO 2324 SC Bavaria Regensburg 1881 - S"]
[Site "?"]
[Date "2023.12.03"]
[Round "4.2"]
[White "Pezelj, Novak"]
[Black "Miller, Eduard"]
[Result "1-0"]
[WhiteElo "2481"]
[BlackElo "2345"]
[PlyCount "61"]
[EventDate "2023.??.??"]

1. Nf3 Nf6 2. g3 c5 3. c4 Nc6 4. Bg2 d6 5. O-O g6 6. d4 cxd4 7. Nxd4 Bd7 8. b3 Bg7 9. Bb2 h5 10. Nc3 h4 11. Nd5 hxg3 12. hxg3 Ne5 13. Nxf6+ Bxf6 14. Bxb7 Rb8 15. Bd5 e6 16. Bg2 Nxc4 17. Bc3 Ne5 18. Qd2 Rh5 19. Rfd1 Qb6 20. Rac1 Rc8 21. e3 Be7 22. Nf3 Bc6 23. Nxe5 dxe5 24. Ba5 Qb7 25. Qc3 e4 26. Bxe4 Bc5 27. Qf6 Kf8 28. Rxc5 Rxc5 29. Rd8+ Rxd8 30. Qh8+ Ke7 31. Qxd8# 1-0

[Event "2BLO 2324 SC Bavaria Regensburg 1881 - S"]
[Site "?"]
[Date "2023.12.03"]
[Round "4.3"]
[White "Klek, Hanna Marie"]
[Black "Schneider, Jana"]
[Result "0-1"]
[WhiteElo "2236"]
[BlackElo "2255"]
[PlyCount "104"]
[EventDate "2023.??.??"]

1. e4 e5 2. Nf3 Nc6 3. Bc4 Nf6 4. d3 Bc5 5. a4 a6 6. O-O Ba7 7. c3 d6 8. Be3 Bxe3 9. fxe3 O-O 10. a5 Ne7 11. Nbd2 Ng6 12. d4 Qe7 13. Re1 Bd7 14. Bd3 h5 15. b4 Nh7 16. Ra2 Rae8 17. d5 Nh8 18. Rf1 g5 19. Qe1 Ng6 20. Kh1 g4 21. Ng1 Ng5 22. c4 h4 23. b5 Bc8 24. bxa6 bxa6 25. Rb2 Kg7 26. Qc1 h3 27. g3 f5 28. exf5 e4 29. Be2 Ne5 30. Qc3 Kh6 31. Rf4 Bxf5 32. Nb3 Nd3 33. Nd4 Nxf4 34. exf4 Nf3 35. Nxf5+ Rxf5 36. Qe3 Rff8 37. Rc2 Qf6 38. Rc1 Qf5 39. Bd1 Rb8 40. Ne2 Rb2 41. Bc2 Rfb8 42. Qc3 Kh7 43. Qe3 Kg8 44. Qa7 Qf8 45. Qe3 Qe7 46. f5 Qe5 47. f6 Qxf6 48. Qxe4 Ng5 49. Qxg4 Rxc2 50. Rxc2 Rb1+ 51. Ng1 Qf3+ 52. Qxf3 Nxf3 0-1

[Event "2BLO 2324 SC Bavaria Regensburg 1881 - S"]
[Site "?"]
[Date "2023.12.03"]
[Round "4.4"]
[White "Kilgus, Georg"]
[Black "Schulz, Lukas"]
[Result "0-1"]
[WhiteElo "2391"]
[BlackElo "2328"]
[PlyCount "88"]
[EventDate "2023.??.??"]

1. e4 c5 2. Nf3 Nc6 3. Bb5 g6 4. O-O Bg7 5. d3 d6 6. e5 dxe5 7. Bxc6+ bxc6 8. Na3 Nh6 9. Bxh6 Bxh6 10. Nxe5 f6 11. Nf3 O-O 12. Nd2 e5 13. Nb3 Qd5 14. Qe1 Rf7 15. Qa5 Rb8 16. Rae1 Bf5 17. f3 Bf8 18. Nc4 Be6 19. Re4 Rb5 20. Qd2 Qd8 21. Na3 Rb4 22. Rfe1 a5 23. Qf2 Bd5 24. Rxb4 cxb4 25. Nc4 Bxc4 26. dxc4 Rd7 27. Kf1 a4 28. Nc1 Rd2 29. Re2 Rd1+ 30. Re1 Rd2 31. Re2 Rxc2 32. Qe3 Rxc4 33. Nd3 Rd4 34. Nf2 Qd5 35. Ne4 Kg7 36. Rc2 f5 37. Nf2 Bd6 38. b3 a3 39. Qe2 e4 40. fxe4 fxe4 41. g3 Be7 42. Rc4 Rxc4 43. bxc4 Qd4 44. Nxe4 b3 0-1

[Event "2BLO 2324 SC Bavaria Regensburg 1881 - S"]
[Site "?"]
[Date "2023.12.03"]
[Round "4.5"]
[White "Ott, Florian"]
[Black "Goldbeck, Lars"]
[Result "0-1"]
[WhiteElo "2291"]
[BlackElo "2313"]
[PlyCount "112"]
[EventDate "2023.??.??"]

1. c4 e6 2. Nc3 d5 3. d4 Nf6 4. cxd5 exd5 5. Bg5 Be6 6. e3 Nbd7 7. Bd3 c6 8. Nge2 h6 9. Bh4 g5 10. Bg3 Nh5 11. Qc2 Nxg3 12. Nxg3 h5 13. O-O-O h4 14. Nf5 Qf6 15. g4 Nb6 16. Kb1 O-O-O 17. Na4 h3 18. Nc5 Kb8 19. Rc1 Bc8 20. Rhg1 Bxf5 21. Bxf5 Bd6 22. f3 Qe7 23. Rge1 Rhe8 24. Nd3 Qf6 25. Qf2 Bc7 26. b3 Nc8 27. Nc5 Qd6 28. Rc2 Qe7 29. Qf1 Nd6 30. Bd3 Rh8 31. e4 dxe4 32. fxe4 Ne8 33. d5 Bd6 34. b4 Rh6 35. dxc6 Bxc5 36. Rxc5 Rxc6 37. Rec1 Rxc5 38. bxc5 Rd4 39. Rc3 Nf6 40. Qxh3 Nxe4 41. Bxe4 Qxe4+ 42. Kb2 Rd2+ 43. Ka3 Qe2 44. Qh8+ Kc7 45. Qf6 Rxa2+ 46. Kb3 Qb2+ 47. Kc4 Ra4+ 48. Kd3 Qb5+ 49. Ke3 Qe8+ 50. Kd2 Qd8+ 51. Qxd8+ Kxd8 52. h3 Kd7 53. Rf3 Rf4 54. Rg3 a6 55. Rb3 Kc7 56. Rb6 f5 0-1

[Event "2BLO 2324 SC Bavaria Regensburg 1881 - S"]
[Site "?"]
[Date "2023.12.03"]
[Round "4.6"]
[White "Kleibel, Uwe"]
[Black "Hilverda, Alexander"]
[Result "1/2-1/2"]
[WhiteElo "2310"]
[BlackElo "2232"]
[PlyCount "98"]
[EventDate "2023.??.??"]

1. d4 d5 2. Nf3 Nf6 3. c4 e6 4. e3 Be7 5. b3 O-O 6. Bb2 c5 7. Bd3 Nc6 8. O-O cxd4 9. exd4 dxc4 10. bxc4 b6 11. Nbd2 Bb7 12. Qe2 Rc8 13. Rac1 Qd6 14. Rfd1 Rfe8 15. Nf1 Qf4 16. g3 Qg4 17. Ne3 Qh5 18. Nd2 Qxe2 19. Bxe2 Red8 20. Nb3 a5 21. a4 Nb4 22. c5 Bc6 23. cxb6 Bxa4 24. Rxc8 Rxc8 25. Rc1 Rb8 26. Nxa5 Rxb6 27. Rc8+ Ne8 28. Nac4 Rb7 29. Ba3 Kf8 30. Bf3 Rc7 31. Rxc7 Nxc7 32. Bxb4 Bxb4 33. d5 exd5 34. Nxd5 Nxd5 35. Bxd5 g6 36. Kg2 Bc5 37. h4 Bd1 38. Bf3 Bb3 39. Bd5 Kg7 40. Kf3 f5 41. Kg2 Kf6 42. f4 Bd4 43. Kf3 Bd1+ 44. Kg2 Be2 45. Nd2 h6 46. Bc4 Bd1 47. Bb3 Bg4 48. Nf3 Bc3 49. Bd5 Bxf3+ 1/2-1/2

[Event "2BLO 2324 SC Bavaria Regensburg 1881 - S"]
[Site "?"]
[Date "2023.12.03"]
[Round "4.7"]
[White "Willim, Michael"]
[Black "Lerch, Johannes"]
[Result "1/2-1/2"]
[WhiteElo "2140"]
[BlackElo "2259"]
[PlyCount "28"]
[EventDate "2023.??.??"]

1. d4 Nf6 2. c4 e6 3. Nf3 d5 4. Nc3 a6 5. c5 b6 6. cxb6 cxb6 7. Bf4 Bd6 8. Bxd6 Qxd6 9. e3 O-O 10. Bd3 Nbd7 11. O-O Bb7 12. Qe2 Rfc8 13. Rfc1 g6 14. Rc2 Kg7 1/2-1/2

[Event "2BLO 2324 SC Bavaria Regensburg 1881 - S"]
[Site "?"]
[Date "2023.12.03"]
[Round "4.8"]
[White "Oberhofer, Cedric"]
[Black "Diller, Daniel"]
[Result "1-0"]
[WhiteElo "2281"]
[BlackElo "2118"]
[PlyCount "77"]
[EventDate "2023.??.??"]

1. c4 e6 2. g3 d5 3. Bg2 Nf6 4. Nf3 d4 5. O-O c5 6. e3 Nc6 7. exd4 cxd4 8. d3 Bd6 9. Bg5 h6 10. Bxf6 Qxf6 11. Nbd2 Qe7 12. Re1 O-O 13. a3 a5 14. Nb3 Qf6 15. c5 Bc7 16. Nbd2 e5 17. Qc2 Be6 18. Ne4 Qe7 19. Nfd2 f5 20. Nd6 Bxd6 21. cxd6 Qxd6 22. Rac1 Rac8 23. Nc4 Qd8 24. Qd2 e4 25. b4 axb4 26. axb4 b5 27. Na3 Ne5 28. Rxc8 Qxc8 29. dxe4 Nc4 30. Nxc4 bxc4 31. Qxd4 Rd8 32. Qc3 Rd3 33. Qc2 Qd7 34. exf5 Bd5 35. Be4 Bxe4 36. Qxc4+ Kh7 37. Qxe4 Rd4 38. Qe6 Qb5 39. Qg6+ 1-0

[Event "2BLO 2324 SV Deggendorf - Münchener Sch"]
[Site "?"]
[Date "2023.12.03"]
[Round "4.1"]
[White "Sarana, Alexey"]
[Black "Ghosh, Diptayan"]
[Result "1-0"]
[WhiteElo "2688"]
[BlackElo "2572"]
[PlyCount "73"]
[EventDate "2023.??.??"]

1. d4 d5 2. c4 e6 3. Nc3 Nf6 4. cxd5 exd5 5. Bg5 Be7 6. e3 h6 7. Bh4 Bg4 8. Nf3 O-O 9. Bd3 Nbd7 10. h3 Be6 11. O-O c6 12. Bg3 Ne8 13. Ne2 Ndf6 14. Nf4 Bc8 15. Qc2 Nd6 16. Ne5 Nde4 17. Bh2 Bd6 18. f3 Ng5 19. g4 Re8 20. h4 Ne6 21. Rae1 Bxe5 22. dxe5 Nd7 23. Ng2 c5 24. b3 d4 25. Qf2 Nb6 26. Bb1 Bd7 27. Qc2 Bb5 28. Qh7+ Kf8 29. Rf2 Ke7 30. f4 Rh8 31. Qc2 c4 32. f5 Nc5 33. f6+ Kf8 34. fxg7+ Kxg7 35. Rxf7+ Kxf7 36. Qg6+ Ke7 37. Qg7+ 1-0

[Event "2BLO 2324 SV Deggendorf - Münchener Sch"]
[Site "?"]
[Date "2023.12.03"]
[Round "4.2"]
[White "Krivoborodov, Egor"]
[Black "Predke, Alexandr"]
[Result "0-1"]
[WhiteElo "2554"]
[BlackElo "2689"]
[PlyCount "102"]
[EventDate "2023.??.??"]

1. d4 Nf6 2. Bf4 e6 3. e3 c5 4. Nf3 cxd4 5. exd4 b6 6. Nbd2 Bb7 7. Bd3 Be7 8. h3 d6 9. c3 Nbd7 10. Qe2 O-O 11. O-O Re8 12. Rfe1 Bf8 13. Bh2 a6 14. Nc4 Qc7 15. a4 Bc6 16. Nfd2 g6 17. f3 Nd5 18. Ne3 Nxe3 19. Qxe3 b5 20. axb5 axb5 21. Rxa8 Rxa8 22. Ne4 Ra2 23. Bb1 Ra1 24. Bd3 Rxe1+ 25. Qxe1 Bxe4 26. Bxe4 b4 27. Kh1 Qc4 28. Qd2 bxc3 29. bxc3 Nb6 30. Bd3 Qc6 31. Bg3 d5 32. Qc2 Bd6 33. Bxd6 Qxd6 34. Qb3 Nd7 35. c4 dxc4 36. Qxc4 h5 37. Be4 Nf6 38. Qc5 Qxc5 39. dxc5 Nxe4 40. fxe4 Kf8 41. Kh2 Ke7 42. Kg3 Kd7 43. Kf4 f6 44. e5 g5+ 45. Kg3 f5 46. h4 gxh4+ 47. Kxh4 Kc6 48. Kxh5 Kxc5 49. g4 f4 50. Kh4 Kd4 51. g5 f3 0-1